Normal view
MARC view
Entry Personal Name
001 - CONTROL NUMBER
- control field: 36056
003 - CONTROL NUMBER IDENTIFIER
- control field: ARRUPE
005 - DATE AND TIME OF LATEST TRANSACTION
- control field: 20170921120211.0
008 - FIXED-LENGTH DATA ELEMENTS
- fixed length control field: 170921|| aca||aabn | a|a d
040 ## - CATALOGING SOURCE
- Original cataloging agency: ARRUPE
- Transcribing agency: ARRUPE
100 ## - HEADING--PERSONAL NAME
- Personal name: Ray, Dixy Lee.
670 ## - SOURCE DATA FOUND
- Source citation: Work cat.: (ARRUPE)61873: Ray, Dixy Lee., Environmental overkill :, 1994.